1,000 Rock Bands By Their Most Popular Song - Statistics

General Stats
  • This quiz has been taken 20,741 times
    12,382 since last reset
  • The average score is 186 of 1000
Answer Stats
Subgenre Artist Most Popular Song Listeners % Correct
Hard Rock AC/DC Back In Black 28,923
90%
Grunge Nirvana Smells Like Teen Spirit 29,328
86%
Pop Rock The Beatles Here Comes the Sun 32,950
85%
Pop Rock a-ha Take on Me 21,350
83%
Pop Rock Queen Bohemian Rhapsody 57,724
82%
Hard Rock Aerosmith Dream On 21,881
81%
Thrash Metal Metallica Enter Sandman 24,865
81%
Hard Rock Guns N' Roses Sweet Child O' Mine 28,781
80%
New Wave The The This Is the Day 1,016
77%
Country Rock Eagles Hotel California 31,440
75%
Piano Rock Elton John Rocket Man 63,911
75%
Blues Rock The Rolling Stones Paint It, Black 28,157
75%
Punk Rock Green Day Basket Case 31,148
74%
Hard Rock Led Zeppelin Stairway to Heaven 18,151
74%
Heavy Metal Black Sabbath Paranoid 14,016
73%
Britpop Oasis Wonderwall 20,922
73%
Progressive Rock Pink Floyd Another Brick in the Wall, Pt. 2 18,985
73%
Alternative Rock The Cranberries Zombie 18,766
73%
Alternative Rock Radiohead Creep 25,263
69%
Pop Rock Bee Gees Stayin' Alive 28,564
67%
New Wave The Police Every Breath You Take 27,627
67%
Alternative Rock Foo Fighters Everlong 20,556
65%
AOR Journey Don't Stop Believin' 18,047
65%
Nu Metal Linkin Park In the End 36,907
65%
Pop Rock Prince Purple Rain 12,261
65%
Alternative Rock Red Hot Chili Peppers Under the Bridge 34,974
65%
Piano Rock Billy Joel Uptown Girl 23,201
64%
Pop Rock Coldplay Yellow 75,752
64%
Pop Rock Elle King Ex's & Oh's 4,793
64%
Alternative Rock R.E.M. Losing My Religion 17,546
64%
Punk Rock The Clash Should I Stay or Should I Go 11,087
64%
Pop Rock The Killers Mr. Brightside 25,258
64%
Soft Rock Carole King It's Too Late 3,972
63%
Glam Rock KISS I Was Made For Lovin' You 13,080
63%
Southern Rock Lynyrd Skynyrd Sweet Home Alabama 15,167
63%
Britpop Blur Song 2 11,112
62%
Heartland Rock Bruce Springsteen Dancing In the Dark 26,516
62%
Rock & Roll Elvis Presley Can't Help Falling in Love 38,437
62%
Heavy Metal Ozzy Osbourne Crazy Train 9,107
62%
Hard Rock Deep Purple Smoke on the Water 6,235
61%
Psychedelic Rock The Animals House of the Rising Sun 7,764
61%
Psychedelic Rock The Doors Riders on the Storm 11,092
60%
Hard Rock The Who Baba O'Riley 8,208
60%
AOR TOTO Africa 20,507
60%
Garage Rock Revival Arctic Monkeys Do I Wanna Know? 50,310
59%
Pop Punk blink-182 All the Small Things 18,982
59%
Art Rock David Bowie Heroes 19,213
59%
AOR Europe The Final Countdown 7,183
59%
Pop Rock John Lennon Imagine 29,735
59%
Gothic Rock The Cure Friday I'm in Love 17,278
59%
Garage Rock Revival The White Stripes Seven Nation Army 16,529
59%
Folk Rock Bob Dylan Knockin' On Heaven's Door 11,036
58%
AOR Def Leppard Pour Some Sugar On Me 7,347
58%
Alternative Rock Gorillaz Feel Good Inc. 21,836
58%
Psychedelic Rock Jimi Hendrix All Along the Watchtower 8,944
58%
Pop Rock Dire Straits Sultans of Swing 17,841
57%
Progressive Rock Manfred Mann's Earth Band Blinded By the Light 1,465
57%
Grunge Soundgarden Black Hole Sun 6,768
57%
Pop Rock The Beach Boys Wouldn't It Be Nice 24,098
57%
Alternative Rock U2 With or Without You 22,934
57%
Grunge Alice in Chains Man in the Box 7,200
56%
New Wave Billy Idol Rebel Yell 11,078
56%
Swamp Rock Creedence Clearwater Revival Have You Ever Seen the Rain 31,070
56%
Grunge Pearl Jam Even Flow 13,028
56%
AOR Boston More Than a Feeling 7,651
55%
AOR Bryan Adams Summer of '69 23,931
55%
Pop Rock Carly Simon You're So Vain 6,041
55%
Alternative Rock Evanescence Bring Me to Life 13,248
55%
Hard Rock Joan Jett & the Blackhearts I Love Rock 'N Roll 7,482
55%
Hard Rock Van Halen Jump 11,874
55%
New Wave Blondie Call Me 12,841
54%
Punk Rock Ramones Blitzkrieg Bop 6,471
54%
Punk Rock Sex Pistols Anarchy In the U.K. 1,378
54%
Soft Rock America A Horse With No Name 9,466
53%
Pop Rock Fleetwood Mac Dreams 33,806
53%
Pop Rock Paul Simon You Can Call Me Al 7,782
53%
Rap Metal Rage Against the Machine Killing In The Name 9,300
53%
Alternative Metal System of a Down Chop Suey! 17,775
53%
Rock & Roll Chuck Berry Johnny B. Goode 18,270
52%
Alternative Rock The Smashing Pumpkins 1979 10,967
51%
Hard Rock Blue Öyster Cult (Don't Fear) the Reaper 4,493
50%
New Wave Eurythmics Sweet Dreams (Are Made of This) 13,868
50%
Heavy Metal Iron Maiden The Trooper 7,631
50%
Pop Rock Kate Bush Running Up The Hill (A Deal With God) 10,088
50%
Nu Metal Korn Freak On a Leash 10,114
50%
Pop Rock Phil Collins In the Air Tonight 20,945
50%
Pop Rock The Mamas & the Papas California Dreamin' 11,027
50%
Pop Rock Electric Light Orchestra Mr. Blue Sky 11,766
49%
AOR Heart Barracuda 8,878
49%
Blues Rock Hozier Take Me to Church 31,045
49%
Garage Rock Revival Jet Are You Gonna Be My Girl 5,721
49%
Progressive Rock Kansas Carry on Wayward Son 9,156
49%
Post-Grunge Nickelback How You Remind Me 15,984
49%
AOR Survivor Eye of the Tiger 10,747
49%
Garage Rock The Kinks You Really Got Me 7,390
49%
Power Pop Weezer Island In the Sun 14,684
49%
Hard Rock Alice Cooper Poison 5,312
48%
Blues Rock Eric Clapton Wonderful Tonight 12,366
48%
Heavy Metal Judas Priest Breaking the Law 4,687
48%
Glam Metal Mötley Crüe Kickstart My Heart 7,737
48%
New Wave Tears For Fears Everybody Wants To Rule The World 21,621
48%
Blues Rock ZZ Top La Grange 8,206
48%
Pop Rock Imagine Dragons Believer 57,970
47%
Alternative Rock Kings of Leon Sex on Fire 16,077
47%
Nu Metal Limp Bizkit Break Stuff 13,393
47%
Folk Rock Simon & Garfunkel The Sound of Silence 11,987
47%
Psychedelic Rock Cream Sunshine of Your Love 4,745
46%
Heavy Metal Motörhead Ace of Spades 4,407
46%
Industrial Metal Rammstein Du hast 11,405
46%
Heartland Rock Tom Petty Free Fallin' 11,944
46%
Post-Grunge Creed One Last Breath 7,087
45%
New Wave Duran Duran Hungry Like the Wolf 8,683
45%
Rockabilly Johnny Cash Hurt 12,726
45%
Pop Punk My Chemical Romance Teenagers 16,387
45%
Art Rock Patti Smith Because the Night 2,965
45%
New Wave Talking Heads Psycho Killer 8,415
45%
Pop Rock Avril Lavigne Complicated 18,271
44%
Pop Rock Maroon 5 Sugar 60,532
44%
Pop Rock Neil Diamond Sweet Caroline 7,669
44%
Britpop The Verve Bitter Sweet Symphony 9,429
44%
Post-Grunge 3 Doors Down Kryptonite 11,259
43%
Heavy Metal Dio Holy Diver 2,794
43%
Folk Rock Don McLean American Pie 6,183
43%
Indie Rock Elliott Smith Between the Bars 3,058
43%
Pop Rock George Harrison My Sweet Lord 8,144
43%
Glam Metal Poison Every Rose Has Its Thorn 4,250
43%
Progressive Rock Rush Tom Sawyer 2,803
43%
Hard Rock Scorpions Wind of Change 12,939
43%
Progressive Rock Genesis Invisible Touch 7,535
42%
Alternative Rock Pixies Where Is My Mind? 9,578
42%
Industrial Metal Rob Zombie Dragula 5,729
42%
Rap Rock Beastie Boys Sabotage 7,574
41%
Alternative Rock Beck Loser 6,772
41%
Alternative Rock Depeche Mode Enjoy the Silence 13,324
41%
Post-Punk Revival Franz Ferdinand Take Me Out 7,512
41%
Nu Metal Slipknot Duality 11,867
41%
Pop Rock Smash Mouth All Star 8,849
41%
New Wave The B-52's Love Shack 3,860
41%
New Wave The Cars Drive 6,227
41%
Pop Rock The Monkees I'm a Believer 4,876
41%
Jangle Pop The Smiths There Is a Light That Never Goes Out 14,488
41%
Indie Rock The Strokes Last Nite 13,084
41%
Pop Rock Train Hey, Soul Sister 24,405
41%
Pop Rock Bastille Pompeii 24,812
40%
Pop Rock Fall Out Boy Centuries 23,770
40%
Thrash Metal Megadeth Symphony of Destruction 4,854
40%
Ska Punk No Doubt Don't Speak 9,610
40%
Pop Rock OneRepublic Counting Stars 49,533
40%
Pop Rock Panic! at the Disco High Hopes 22,634
40%
Piano Rock Twenty One Pilots Stressed Out 25,090
40%
Pop Rock Alanis Morissette Ironic 7,445
39%
Folk Rock Neil Young Heart of Gold 4,114
39%
Heavy Metal Twisted Sister We're Not Gonna Take It 4,340
39%
Red Dirt Zach Bryan Something in the Orange 28,207
39%
Pop Rock Olivia Rodrigo good 4 u 60,128
38%
Alternative Rock Paramore Misery Business 19,768
38%
Heartland Rock Ryan Adams Wonderwall 1,295
38%
Latin Rock Santana Maria Maria 13,040
38%
Pop Punk The Offspring You're Gonna Go Far, Kid 17,820
38%
Folk Rock Van Morrison Brown Eyed Girl 12,422
38%
Alternative Metal Disturbed Down with the Sickness 11,167
37%
Blues Rock Janis Joplin Me and Bobby McGee 4,146
37%
Pop Rock Kelly Clarkson Since U Been Gone 45,244
37%
Pop Rock Sting Englishman in New York 13,303
37%
Hard Rock Whitesnake Here I Go Again 5,231
37%
Alternative Rock 4 Non Blondes What's Up? 8,203
36%
Blues Rock Derek & the Dominos Layla 2,218
36%
AOR Foreigner I Want to Know What Love Is 11,839
36%
Pop Rock fun. We Are Young 10,351
36%
Art Rock Iggy Pop The Passenger 4,406
36%
AOR Meat Loaf I'd Do Anything For Love (But I Won't Do That) 4,035
36%
Alternative Rock Muse Uprising 13,268
36%
Industrial Rock Nine Inch Nails Closer 3,950
36%
Hard Rock Steppenwolf Born to Be Wild 5,428
36%
Progressive Rock Yes Owner of a Lonely Heart 3,156
36%
Alternative Rock Alien Ant Farm Smooth Criminal 3,537
35%
Pop Rock Kenny Loggins Footloose 9,830
35%
Industrial Rock Marilyn Manson The Beautiful People 6,496
35%
New Wave Men At Work Down Under 8,734
35%
New Wave Dexys Midnight Runners Come On Eileen 5,466
34%
Pop Rock Florence + the Machine Dog Days Are Over 19,754
34%
Hard Rock Ghost Mary On a Cross 8,934
34%
Pop Rock Huey Lewis & The News The Power of Love 5,120
34%
Psychedelic Rock Jefferson Airplane White Rabbit 3,605
34%
Rock & Roll Jerry Lee Lewis Great Balls of Fire 2,543
34%
Post-Punk Joy Division Love Will Tear Us Apart 4,362
34%
Pop Rock Lenny Kravitz Are You Gonna Go My Way 11,520
34%
Groove Metal Pantera Walk 5,446
34%
Rock & Roll Roy Orbison Oh, Pretty Woman 10,764
34%
Mod Revival The Jam Town Called Malice 2,040
34%
Pop Rock Wings Band On the Run 5,582
34%
Alternative Rock Counting Crows Mr. Jones 9,798
33%
Grunge Hole Celebrity Skin 2,835
33%
Roots Rock Rod Stewart Da Ya Think I'm Sexy 14,226
33%
Pop Rock Sheryl Crow All I Wanna Do 7,546
33%
Thrash Metal Slayer Raining Blood 4,860
33%
Soft Rock Stevie Nicks Edge of Seventeen 5,282
33%
Grunge Stone Temple Pilots Interstate Love Song 6,285
33%
Roots Rock The Band The Weight 3,062
33%
Pop Rock The Bangles Eternal Flame 5,805
33%
Piano Rock The Fray How to Save a Life 10,414
33%
Post-Grunge Audioslave Like a Stone 7,182
32%
Jazz-Rock Chicago If You Leave Me Now 9,177
32%
Art Punk Chumbawamba Tubthumping 2,406
32%
Rock & Roll Little Richard Tutti Frutti 1,992
32%
Nu Metal Papa Roach Last Resort 11,089
32%
Pop Rock Plain White T's Hey There Delilah 6,455
32%
Hard Rock Thin Lizzy The Boys Are Back In Town 3,874
32%
Pop Rock Tina Turner What's Love Got to Do With It 11,438
32%
Power Pop Wheatus Teenage Dirtbag 7,053
32%
Alternative Metal Deftones Change (In the House of Flies) 9,994
31%
Alternative Rock Måneskin Beggin' 20,685
31%
Stoner Rock Queens of the Stone Age No One Knows 7,082
31%
Pop Rock Steve Miller Band The Joker 7,287
31%
Folk Rock Tracy Chapman Fast Car 12,196
31%
Folk Rock Buffalo Springfield For What It's Worth 6,425
30%
Pop Rock INXS Need You Tonight 10,244
30%
Art Rock Lou Reed Walk On the Sild Side 4,194
30%
New Wave New Order Blue Monday 6,057
30%
AOR Pat Benatar Hit Me With Your Best Shot 5,501
30%
Glam Metal Quiet Riot Cum on Feel the Noize 2,599
30%
AOR Rick Springfield Jessie's Girl 4,249
30%
New Wave Soft Cell Tainted Love 9,803
30%
Art Rock The Velvet Underground Pale Blue Eyes 3,628
30%
Comedy Rock "Weird Al" Yankovic Amish Paradise 1,210
30%
Heavy Metal Avenged Sevenfold Hail to the King 9,703
29%
Heartland Rock Bob Seger Old Time Rock & Roll 7,370
29%
Pop Rock Edwyn Collins A Girl Like You 1,051
29%
New Wave The Buggles Video Killed the Radio Star 2,991
29%
Power Pop The Knack My Sharona 2,602
29%
Pop Rock The Proclaimers I'm Gonna Be (500 Miles) 7,117
29%
Progressive Metal TOOL Schism 4,045
29%
Rock & Roll Buddy Holly Everyday 1,925
28%
Pop Rock Daryl Hall & John Oates You Make My Dreams (Come True) 28,561
28%
New Wave DEVO Whip It 1,497
28%
Emo Jimmy Eat World The Middle 9,814
28%
Heartland Rock John Mellencamp Jack & Diane 5,476
28%
Pop Rock One Direction Night Changes 37,416
28%
Hard Rock Ram Jam Black Betty 2,979
28%
New Wave Simple Minds Don't You (Forget About Me) 8,910
28%
Pop Rock Snow Patrol Chasing Cars 9,713
28%
Power Pop The All-American Rejects Gives You Hell 7,198
28%
Indie Rock Cage the Elephant Cigarette Daydreams 14,280
27%
Pop Rock Don Henley The Boys of Summer 4,780
27%
Neue Deutsche Welle Falco Rock Me Amadeus 2,658
27%
Progressive Rock Jethro Tull Aqualung 2,395
27%
Progressive Rock King Crimson 21st Century Schizoid Man 815
27%
Pop Punk Sum 41 In Too Deep 9,735
27%
Folk Rock The Byrds Turn! Turn! Turn! (To Everything There Is a Season) 1,780
27%
Twee Pop The Cardigans Lovefool 9,115
27%
Folk Rock The Lumineers Ho Hey 23,947
27%
Thrash Metal Anthrax Madhouse 1,232
26%
AOR Asia Heat of the Moment 1,871
26%
Roots Rock Chris Isaak Wicked Game 6,648
26%
Power Pop Fountains of Wayne Stacy's Mom 3,121
26%
Alternative Rock Jeff Buckley Hallelujah 4,650
26%
New Wave Madness Our House 3,348
26%
Pop Rock Miley Cyrus Flowers 65,311
26%
Art Rock Peter Gabriel Solsbury Hill 5,386
26%
AOR REO Speedwagon Can't Fight This Feeling 5,580
26%
Ska Punk Sublime Santeria 7,885
26%
Pop Rock Supertramp Breakfast in America 10,749
26%
Blues Rock The Black Keys Lonely Boy 11,285
26%
Hard Rock The Cult She Sells Sanctuary 2,226
26%
Pop Rock Tommy James & the Shondells Crimson & Clover 1,846
26%
Pop Rock 10cc I'm Not In Love 3,756
25%
New Wave A Flock of Seagulls I Ran (So Far Away) 2,378
25%
Death Metal Death Voice of the Soul 692
25%
Alternative Rock James Laid 2,264
25%
Pop Rock The Turtles Happy Together 4,036
25%
Post-Grunge Three Days Grace I Hate Everything About You 9,731
25%
Alternative Rock Blind Melon No Rain 3,856
24%
Metalcore Bring Me the Horizon Can You Feel My Heart 13,473
24%
Folk Rock Cat Stevens Wild World 10,589
24%
Rock & Roll Chubby Checker Let's Twist Again 2,457
24%
Alternative Rock Garbage Stupid Girl 2,148
24%
Southern Rock Kid Rock All Summer Long 5,437
24%
Rock & Roll Ritchie Valens La Bamba 2,988
24%
Jazz-Rock Steely Dan Reelin' In the Years 5,633
24%
AOR Styx Come Sail Away 3,604
24%
Psychedelic Rock Tame Impala The Less I Know the Better 23,945
24%
AOR Alannah Myles Black Velvet 2,234
23%
Pop Rock Andrew Gold Spooky, Scary Skeletons 1,103
23%
Pop Rock Crowded House Don't Dream It's Over 7,299
23%
Hardcore Punk Dead Kennedys Holiday in Cambodia 924
23%
Jam Band Grateful Dead Friend of the Devil 2,179
23%
New Wave Pretenders I'll Stand By You 9,816
23%
Britpop Pulp Common People 2,487
23%
New Wave The Human League Don't You Want Me 5,683
23%
Garage Rock Them Gloria 888
23%
Alternative Rock The Neighbourhood Sweater Weather 35,529
23%
Alternative Rock Third Eye Blind Semi-Charmed Life 4,906
23%
Southern Rock Allman Brothers Band Midnight Rider 3,915
22%
Pop Rock Frankie Valli & The Four Seasons December, 1963 (Oh, What a Night!) 7,157
22%
Blues Rock Gary Clark Jr. Come Together 1,527
22%
Alternative Rock Hoobastank The Reason 8,854
22%
Alternative Rock Incubus Drive 6,696
22%
Alternative Rock Jane's Addiction Jane Says 1,615
22%
Alternative Rock Spin Doctors Two Princes 3,682
22%
Pop Rock The Archies Sugar Sugar 2,985
22%
Yacht Rock The Doobie Brothers Listen to the Music 7,761
22%
Pop Rock The Guess Who American Woman 1,762
22%
Garage Rock The Stooges I Wanna Be Your Dog 974
22%
Glam Rock T. Rex Bang a Gong (Get It On) 3,725
22%
Alternative Rock Barenaked Ladies One Week 3,264
21%
Pop Punk Bowling For Soup 1985 3,192
21%
Power Pop Cheap Trick Surrender 3,924
21%
Funk Metal Faith No More Epic 3,784
21%
New Wave Frankie Goes to Hollywood Relax 4,965
21%
Blues Rock George Thorogood & The Destroyers Bad To The Bone 2,413
21%
Dream Pop Mazzy Star Fade Into You 7,657
21%
Alternative Rock Midnight Oil Beds Are Burning 3,083
21%
Hard Rock Rainbow Since You Been Gone 2,549
21%
Hard Rock The Darkness I Believe in a Thing Called Love 3,585
21%
Hard Rock Warrant Cherry Pie 1,798
21%
Pop Punk All Time Low Dear Maria, Count Me In 7,162
20%
Kawaii Metal BABYMETAL Gimme Chocolate!! 2,156
20%
Alternative Metal Breaking Benjamin The Diary of Jane 6,217
20%
Pop Rock Dave Matthews Band Crash Into Me 2,232
20%
Power Metal DragonForce Through the Fire and the Flames 1,868
20%
Blues Rock Free All Right Now 2,349
20%
Pop Punk Good Charlotte The Anthem 5,258
20%
Piano Rock Randy Newman You're Got a Friend in Me 3,099
20%
Pop Rock Robert Palmer Addicted To Love 2,786
20%
Hard Rock Skid Row 18 and Life 3,295
20%
Pop Rock The 1975 Somebody Else 13,103
20%
Pop Rock The J. Geils Band Centerfold 2,369
20%
Alternative Rock Thirty Seconds to Mars The Kill 8,634
20%
Indie Rock Arcade Fire The Suburbs 4,878
19%
Hard Rock Bachman-Turner Overdrive You Ain't Seen Nothing Yet 2,518
19%
Celtic Punk Dropkick Murphys I'm Shipping Up to Boston 2,760
19%
Nu Metal Drowning Pool Bodies 4,197
19%
Hard Rock Extreme More Than Words 4,907
19%
New Wave Fine Young Cannibals She Drives Me Crazy 4,071
19%
Hard Rock Foghat Slow Ride 1,329
19%
AOR Jefferson Starship Jane 696
19%
New Wave Kim Wilde Kids In America 2,882
19%
Indie Rock Modest Mouse Float On 3,858
19%
Southern Rock The Black Crowes Hard to Handle 2,968
19%
Southern Rock The Charlie Daniels Band The Devil Went Down to Georgia 2,261
19%
Garage Rock Revival The Fratellis Chelsea Dagger 3,250
19%
Hard Rock The Runaways Cherry Bomb 1,354
19%
Jangle Pop The Stone Roses I Wanna Be Adored 2,085
19%
Pop Rock The Zombies Time of the Season 3,390
19%
Indie Rock Vampire Weekend A-Punk 5,650
19%
Soft Rock Air Supply All Out of Love 6,511
18%
Hard Rock Bad Company Feel like Makin' Love 2,336
18%
Rock & Roll Bill Haley & His Comets (We're Gonna) Rock Around the Clock 1,386
18%
Alternative Rock CAKE The Distance 3,125
18%
Yacht Rock Christopher Cross Sailing 4,379
18%
New Wave Elvis Costello She 1,884
18%
Groove Metal Five Finger Death Punch Wrong Side of Heaven 6,646
18%
Folk Rock Jim Croce Time in a Bottle 6,110
18%
Funk Metal Living Colour Cult of Personality 1,300
18%
Hard Rock Nazareth Love Hurts 2,797
18%
New Wave The Go-Go's Our Lips Are Sealed 1,222
18%
Pop Rock The Hollies Long Cool Woman (In a Black Dress) 6,543
18%
Pop Rock AWOLNATION Sail 3,914
17%
Comedy Rock Bloodhound Gang The Bad Touch 3,237
17%
Death Metal Cannibal Corpse Hammer Smashed Face 694
17%
Heavy Metal Danzig Mother 2,533
17%
Alternative Rock Deep Blue Something Breakfast at Tiffany's 2,070
17%
Post-Punk Echo & the Bunnymen The Killing Moon 1,684
17%
AOR Eddie Money Take Me Home Tonight 2,315
17%
Indie Rock Mitski Washing Machine Heart 36,673
17%
Indie Rock Portugal. The Man Feel It Still 9,358
17%
Progressive Rock Procol Harum A Whiter Shade of Pale 1,282
17%
Funk Rock Redbone Come and Get Your Love 5,748
17%
Pop Punk Simple Plan I'm Just a Kid 7,255
17%
Christian Rock Skillet Monster 7,584
17%
Glam Rock Slade Cum on Feel the Noize 6,723
17%
Art Rock The Alan Parsons Project Eye In The Sky 4,490
17%
Pop Rock WALK THE MOON Shut Up and Dance 11,164
17%
Alternative Rock 311 Amber 2,645
16%
Dream Pop Beach House Space Song 13,613
16%
Melodic Metalcore Bullet For My Valentine Tears Don't Fall 4,284
16%
Folk Rock Crosby, Stills, Nash & Young Our House 2,537
16%
Rock & Roll Dion Runaround Sue 2,388
16%
Jazz-Rock Frank Zappa Bobby Brown Goes Down 1,039
16%
Pop Rock GAYLE abcdefu 6,985
16%
Hard Rock Golden Earring Radar Love 1,514
16%
Pop Rock Hootie & the Blowfish Only Wanna Be With You 2,435
16%
Pop Rock Joe Cocker Up Where We Belong 6,722
16%
Indie Rock Kaiser Chiefs Ruby 2,676
16%
Hard Rock Mountain Mississippi Queen 1,752
16%
Post-Hardcore Pierce the Veil King For a Day 5,312
16%
Funk Metal Primus Jerry Was a Race Car Driver 964
16%
Post-Grunge Staind It's Been Awhile 4,243
16%
Folk Rock Stealers Wheel Stuck In The Middle With You 5,624
16%
Glam Rock Sweet Fox On the Run 2,141
16%
Rock & Roll The Everly Brothers All I Have To Do Is Dream 2,546
16%
Southern Rock 38 Special Hold On Loosely 1,680
15%
Alternative Rock AFI Miss Murder 2,854
15%
Country Rock Alabama Song of the South 4,068
15%
Alternative Rock bôa Duvet 6,609
15%
Punk Rock Buzzcocks Ever Fallen in Love (With Someone You Shouldn't've?) 912
15%
Pop Rock Cliff Richard Devil Woman 6,732
15%
Surf Rock Dick Dale Misirlou 621
15%
Alternative Rock Finger Eleven Paralyzer 2,806
15%
Alternative Metal Godsmack I Stand Alone 4,606
15%
Post-Grunge Live Lightning Crashes 2,949
15%
AOR Mr. Mister Broken Wings 2,299
15%
Indie Rock Neutral Milk Hotel In the Aeroplane Over the Sea 1,220
15%
Post-Grunge Puddle of Mudd She Hates Me 4,334
15%
Post-Grunge Seether Fake It 6,321
15%
Groove Metal Sepultura Roots Bloody Roots 1,808
15%
Alternative Rock Sonic Youth Teen Age Riot 1,725
15%
Blues Rock Stevie Ray Vaughan Pride and Joy 2,686
15%
Grunge Temple of the Dog Hunger Strike 1,591
15%
Indie Rock The Kooks Naive 7,335
15%
AOR The Outfield Your Love 8,854
15%
Alternative Rock The Presidents of the United States of America Lump 2,382
15%
Pop Rock The Script Hall of Fame 17,549
15%
Garage Rock The Troggs Wild Thing 916
15%
Blues Rock The Yardbirds Heart Full of Soul 660
15%
Folk Punk Violent Femmes Blister in the Sun 2,270
15%
Groove Metal White Zombie Thunder Kiss '65 1,408
15%
Pop Rock American Authors Best Day of My Life 7,514
14%
Progressive Metal Dream Theater Pull Me Under 1,365
14%
Alternative Rock Everclear Santa Monica 2,158
14%
New Wave Gary Numan Cars 832
14%
Jangle Pop Gin Blossoms Hey Jealousy 1,532
14%
Rap Rock Gym Class Heroes Stereo Hearts 13,454
14%
Folk Rock Jackson Browne Running on Empty 2,974
14%
AOR Loverboy Working for the Weekend 1,667
14%
Pop Rock Matchbox Twenty Push 5,906
14%
Horror Punk Misfits Last Caress 2,013
14%
Glam Rock Mott the Hoople All the Young Dudes 604
14%
Pop Rock Neon Trees Everybody Talks 7,333
14%
Hard Rock Night Ranger Sister Christian 861
14%
Pop Rock Norman Greenbaum Spirit In The Sky 3,132
14%
Heavy Metal Queensrÿche Silent Lucidity 1,018
14%
AOR Steve Perry Oh Sherrie 1,841
14%
Indie Rock Yeah Yeah Yeahs Heads Will Roll 6,752
14%
Heavy Metal Accept Balls to the Wall 1,172
13%
Punk Rock Bad Religion American Jesus 1,939
13%
Noise Rock Butthole Surfers Pepper 759
13%
Indie Rock Death Cab for Cutie I Will Follow You into the Dark 3,511
13%
Rock & Roll Eddie Cochran Summertime Blues 935
13%
Hard Rock Greta Van Fleet Highway Tune 4,459
13%
Alternative Rock Marcy Playground Sex & Candy 1,901
13%
Pop Rock MARINA Bubblegum Bitch 9,402
13%
Pop Rock Mungo Jerry In the Summertime 1,544
13%
Rap Rock P.O.D. Youth of the Nation 3,185
13%
Experimental Rock Portishead Glory Box 3,500
13%
Melodic Hardcore Rise Against Savior 7,284
13%
Hard Rock Robert Plant Big Log 1,489
13%
Piano Rock Warren Zevon Werewolves of London 1,447
13%
Art Rock Ween Ocean Man 1,113
13%
Pop Punk Yellowcard Ocean Avenue 4,188
13%
Rock & Roll Bobby Darin Beyond the Sea 3,739
12%
Hard Rock Buckcherry Crazy Bitch 2,063
12%
Hard Rock Cinderella Nobody's Fool 1,415
12%
Dream Pop Cocteau Twins Cherry-coloured Funk 2,989
12%
Alternative Rock Collective Soul Shine 2,582
12%
Alternative Metal Falling In Reverse Popular Monster 6,501
12%
Alternative Rock Filter Hey Man, Nice Shot 1,807
12%
Piano Rock Fiona Apple Criminal 2,834
12%
Blues Rock Gary Moore Still Got the Blues 1,714
12%
Alternative Rock Harvey Danger Flagpole Sitta 917
12%
Pop Rock Joe Walsh Life's Been Good 1,868
12%
Roots Rock John Fogerty Centerfield 1,112
12%
Indie Rock Lord Huron The Night We Met 22,780
12%
Roots Rock Lucinda Williams Fruits of My Labor 753
12%
Jangle Pop Mac DeMarco Chamber of Reflection 17,957
12%
Pop Punk Machine Gun Kelly my ex's best friend 12,926
12%
Alternative Rock Nick Cave & the Bad Seeds O Children 3,584
12%
Slacker Rock Pavement Harness Your Hopes 1,792
12%
Pop Rock Peter Frampton Show Me the Way 1,942
12%
Rock & Roll Ricky Nelson Lonesome Town 1,895
12%
Art Rock Roxy Music More Than This 2,962
12%
Boogie Rock Status Quo In the Army Now 2,488
12%
Alternative Rock Stereophonics Dakota 3,346
12%
Pop Rock Steve Winwood Valerie 2,903
12%
New Wave Talk Talk It's My Life 2,784
12%
Alternative Rock The Breeders Cannonball 1,181
12%
Pop Rock The Calling Wherever You Will Go 5,313
12%
Indie Rock The Dandy Warhols Bohemian Like You 1,633
12%
Garage Rock The Kingsmen Louie Louie 734
12%
Pop Rock The Wallflowers One Headlight 2,222
12%
Gothic Metal Type O Negative I Don't Wanna Be Me 1,696
12%
Hard Rock Velvet Revolver Slither 1,208
12%
Alternative Rock WILLOW Wait a Minute! 12,343
12%
Hard Rock Wolfmother Joker and the Thief 2,724
12%
Power Pop 100 gecs money machine 1,562
11%
Midwest Emo American Football Never Meant 618
11%
Power Pop Badfinger Baby Blue 1,274
11%
Riot Grrrl Bikini Kill Rebel Girl 536
11%
AOR Billy Squier The Stroke 2,201
11%
Hard Rock Black Veil Brides In the End 2,345
11%
Blues Rock Blues Traveler Run-Around 1,521
11%
Blues Rock Bonnie Raitt I Can't Make You Love Me 2,147
11%
Indie Rock Caesars Jerk it Out 1,866
11%
Blues Rock Canned Heat Going Up the Country 2,039
11%
Alternative Rock Chris Cornell You Know My Name 1,958
11%
Progressive Rock Emerson, Lake & Palmer Lucky Man 935
11%
Boogie Rock Faces Ooh La La 2,063
11%
Progressive Metal Gojira Stranded 1,805
11%
Hard Rock Great White Once Bitten Twice Shy 596
11%
Indie Rock GROUPLOVE Tongue Tied 6,848
11%
Post-Grunge Hinder Lips Of An Angel 3,205
11%
Blues Rock KALEO Way Down We Go 11,492
11%
Groove Metal Lamb of God Laid to Rest 2,124
11%
Soft Rock Looking Glass Brandy (You're a Fine Girl) 2,816
11%
Alternative Rock Manic Street Preachers If You Tolerate This Your Children Will Be Next 927
11%
Progressive Metal Mastodon Blood and Thunder 1,019
11%
Symphonic Metal Nightwish Amaranth 2,598
11%
Alternative Rock Placebo Every You Every Me 3,602
11%
Punk Rock Rancid Time Bomb 1,304
11%
Power Metal Sabaton To Hell and Back 3,102
11%
Post-Grunge Shinedown Second Chance 5,917
11%
Shoegaze Slowdive When the Sun Hits 2,642
11%
Hard Rock Ted Nugent Stranglehold 1,161
11%
Psychobilly The Cramps Goo Goo Muck 1,517
11%
Noise Rock The Flaming Lips Do You Realize?? 1,641
11%
Garage Rock Revival The Hives Harte To Say I Told You So 2,767
11%
Garage Rock Revival The Kills Future Starts Slow 676
11%
Garage Rock Revival The Raconteurs Steady, As She Goes 2,218
11%
Power Pop The Romantics What I Like About You 3,893
11%
New Wave Thompson Twins Hold Me Now 1,022
11%
Post-Grunge Alter Bridge Metalingus 1,862
10%
Alternative Rock A Perfect Circle Judith 2,150
10%
Post-Punk Revival Bloc Party Banquet 3,752
10%
Pop Rock Echosmith Cool Kids 2,983
10%
Pop Rock Fitz and The Tantrums Out of My League 8,610
10%
Post-Hardcore Fugazi Waiting Room 1,271
10%
Heavy Psych Grand Funk Railroad Some Kind Of Wonderful 1,719
10%
Hard Rock Halestorm I Miss the Misery 2,518
10%
Pop Rock Jennifer Warnes (I've Had) The Time of My Life 5,680
10%
Hard Rock Joe Satriani Surfing with the Alien 593
10%
Grunge L7 Pretend We're Dead 514
10%
Country Rock Linda Ronstadt Blue Bayou 3,307
10%
Post-Punk Modern English I Melt with You 785
10%
Pop Rock Niall Horan Slow Hands 17,672
10%
Post-Grunge Saliva Click Click Boom 2,586
10%
Post-Punk Siouxsie and the Banshees Spellbound 1,791
10%
Hard Rock Slash Anastasia 1,284
10%
Post-Grunge Stone Sour Through Glass 3,852
10%
Pop Punk The Ataris The Boys of Summer 842
10%
Ska Punk The Mighty Mighty Bosstones The Impression That I Get 1,255
10%
Pop Rock Three Dog Night Mama Told Me (Not to Come) 1,978
10%
Piano Rock Tori Amos Cornflake Girl 1,232
10%
Post-Grunge 10 Years Wasteland 1,583
9%
Alternative Metal Bad Wolves Zombie 4,298
9%
Power Pop Beach Bunny Prom Queen 9,241
9%
Twee Pop Belle and Sebastian The Boy with the Arab Strap 1,452
9%
Alternative Rock Billy Talent Red Flag 2,662
9%
Yacht Rock Boz Scaggs Lido Shuffle 1,705
9%
Soft Rock Bread Everything I Own 3,959
9%
Pop Rock Bryan Ferry Slave to Love 2,613
9%
Post-Grunge Candlebox Far Behind 1,238
9%
Alternative Metal Chevelle The Red 2,778
9%
Indie Rock Cornershop Brimful of Asha 888
9%
Hard Rock David Lee Roth Just Like Paradise 625
9%
Rock & Roll Del Shannon Runaway 787
9%
Pop Rock Dr. Hook When You're In Love With A Beautiful Woman 2,401
9%
Country Rock Eric Church Springsteen 9,212
9%
Alternative Rock Eve 6 Inside Out 1,222
9%
Post-Grunge Fuel Shimmer 1,665
9%
Merseybeat Gerry and the Pacemakers You'll Never Walk Alone 1,157
9%
Pop Rock Gerry Rafferty Right Down the Line 3,886
9%
Power Metal Helloween I Want Out 1,144
9%
Post-Punk Revival Interpol Evil 2,466
9%
Blues Rock John Mayer New Light 14,733
9%
Indie Rock Kasabian Fire 2,583
9%
Melodic Metalcore Killswitch Engage My Curse 2,686
9%
Dance-Punk LCD Soundsystem Dance Yrself Clean 2,493
9%
Soft Rock Leo Sayer You Make Me Feel Like Dancing 2,569
9%
Heavy Metal Manowar Kings of Metal 932
9%
Djent Meshuggah Bleed 626
9%
Hard Rock Mr. Big To Be With You 3,226
9%
Nu Metal Mudvayne Happy? 2,220
9%
Progressive Metal Opeth Windowpane 681
9%
Post-Punk Revival Phoenix 1901 4,894
9%
Britpop Suede Trash 612
9%
Britpop Supergrass Alright 3,226
9%
Alternative Rock The Jesus and Mary Chain Just Like Honey 971
9%
Pop Rock The Lovin' Spoonful Do You Believe in Magic? 2,776
9%
Pop Punk The Undertones Teenage Kicks 563
9%
Post-Grunge Trapt Headstrong 2,370
9%
Hard Rock Ugly Kid Joe Cats in the Cradle 1,118
9%
Heavy Metal W.A.S.P. I Wanna Be Somebody 758
9%
Indie Rock Wilco Jesus, Etc. 1,897
9%
New Wave XTC Making Plans For Nigel 748
9%
Pop Rock YUNGBLUD parents 5,918
9%
Pop Rock Adam Lambert Ghost Town 2,890
8%
Pop Rock Albert Hammond It Never Rains in Southern California 1,768
8%
Melodic Death Metal Amon Amarth Twilight of the Thunder God 1,185
8%
Melodic Metalcore Asking Alexandria Alone In a Room 3,233
8%
Gothic Rock Bauhaus Dark Entries 827
8%
Pop Rock Bay City Rollers Bye Bye Baby 608
8%
Blues Rock Big Brother & the Holding Company Piece of My Heart 1,876
8%
Rock & Roll Bo Diddley I'm a Man 546
8%
Pop Rock BOYS LIKE GIRLS The Great Escape 3,124
8%
Slacker Rock Car Seat Headrest Drunk Drivers/Killer Whales 1,393
8%
Trap Metal CORPSE HOT DEMON B!TCHES NEAR U !!! 3,764
8%
Pop Rock David Gray This Year's Love 2,716
8%
Slacker Rock Dinosaur Jr. Feel the Pain 633
8%
Power Pop Fastball The Way 982
8%
Christian Rock Flyleaf All Around Me 2,577
8%
Punk Rock Generation X Dancing with Myself 713
8%
Pop Rock Herman's Hermits I'm Into Something Good 854
8%
Pop Rock King Harvest Dancing in the Moonlight 3,408
8%
Southern Rock Kip Moore Somethin' 'Bout a Truck 2,252
8%
Red Dirt Kolton Moore & the Clever Few Mine All Mine 1,606
8%
Pop Rock Laura Branigan Self Control 5,363
8%
Riot Grrrl Le Tigre Deceptacon 1,821
8%
Britpop Liam Gallagher Wall of Glass 1,587
8%
Pop Rock Lindsey Buckingham Holiday Road 826
8%
Groove Metal Machine Head Is There Anybody Out There? 1,633
8%
Indie Rock Metric Black Sheep 3,726
8%
Industrial Metal Ministry Jesus Built My Hotrod 609
8%
New Wave Oingo Boingo Dead Man's Party 860
8%
Power Pop OK Go Here It Goes Again 1,253
8%
Pop Rock Pete Townshend Let My Love Open The Door 591
8%
Yacht Rock Player Baby Come Back 2,138
8%
Alternative Rock Royal Blood Figure It Out 3,431
8%
Heartland Rock Sam Fender Seventeen Going Under 3,769
8%
Alternative Rock Silverchair Tomorrow 1,913
8%
Crossover Thrash Suicidal Tendencies Institutionalized 922
8%
Indie Rock The Backseat Lovers Kilby Girl 4,432
8%
Country Rock The Bellamy Brothers Let Your Love Flow 1,741
8%
Pop Rock The Cab Angel With a Shotgun 1,319
8%
Garage Rock Revival The Libertines Don't Look Back Into the Sun 1,241
8%
Pop Punk The Red Jumpsuit Apparatus Face Down 4,746
8%
Post-Punk Revival Two Door Cinema Club What You Know 7,815
8%
Hard Rock Uriah Heep Lady in Black 626
8%
New Wave Wang Chung Dance Hall Days 1,662
8%
Pop Rock We the Kings Check Yes, Juliet 2,646
8%
Hard Rock White Lion When the Children Cry 954
8%
Pop Rock X Ambassadors Renegades 12,916
8%
Easycore A Day to Remember If It Means a Lot To You 4,886
7%
Hard Rock Airbourne Runnin' Wild 1,775
7%
Pop Rock Alice Merton No Roots 2,273
7%
Jangle Pop Alvvays Archie, Marry Me 1,941
7%
Metalcore Architects Animals 2,251
7%
Metalcore Bad Omens Just Pretend 4,653
7%
Indie Rock Band of Horses The Funeral 2,954
7%
Emo Basement Covet 2,032
7%
Indie Rock Beach Weather Sex, Drugs, Etc. 10,087
7%
Alternative Rock Biffy Clyro Many of Horror 1,102
7%
Southern Metal Black Label Society Stillborn 1,393
7%
Blues Rock Blind Faith Can't Find My Way Home 553
7%
Indie Rock boygenius Not Stong Enough 5,015
7%
Melodic Death Metal Children of Bodom Are You Dead Yet? 874
7%
Roots Rock Cracker Low 530
7%
Post-Grunge Daughtry Over You 3,598
7%
Alternative Rock Dishwalla Counting Blue Cars (Tell Me Your Thoughts On God) 525
7%
Hard Rock Dokken Alone Again 690
7%
Nu Metal Dope Die MF Die 1,543
7%
Alternative Rock Feeder Buck Rogers 583
7%
Celtic Punk Flogging Molly Drunken Lullabies 1,039
7%
Indie Rock Foals My Number 3,433
7%
Post-Punk Fontaines D.C. Jackie Down the Line 1,012
7%
Funk Rock Funkadelic Can You Get to That 1,117
7%
Yacht Rock Glenn Frey The Heat is On 1,641
7%
Alternative Rock grandson Blood // Water 4,671
7%
Emo-Pop Hawthorne Heights Ohio Is For Lovers 1,091
7%
Rap Rock Hollywood Undead Undead 4,195
7%
Melodic Metalcore Ice Nine Kills A Grave Mistake 2,033
7%
Folk Rock Indigo Girls Closer to Fine 819
7%
Metalcore I Prevail Blank Space 4,268
7%
Hard Rock James Gang Funk #49 768
7%
Post-Punk Killing Joke Eighties 619
7%
Nu Metal Kittie Brackish 600
7%
Post-Grunge Lifehouse You and Me 5,166
7%
AOR Little River Band Reminiscing 1,776
7%
Progressive Rock Mike Oldfield Moonlight Shadow 2,814
7%
Post-Punk Nico These Days 2,600
7%
Skate Punk NOFX Linoleum 1,178
7%
Pop Rock Phillip Phillips Gone, Gone, Gone 3,977
7%
Pop Rock Rob Thomas Little Wonders 1,625
7%
Nederbeat Shocking Blue Venus 1,374
7%
Post-Hardcore Sleeping With Sirens If You Can't Hang 2,544
7%
Alternative Metal Sleep Token The Summoning 3,203
7%
Alternative Rock Spacehog In the Meantime 947
7%
Country Rock Steve Earle Copperhead Road 2,751
7%
Emo-Pop Taking Back Sunday MakeDamnSure 2,699
7%
Pop Rock The Box Tops The Letter 1,899
7%
Jangle Pop The Housemartins Happy Hour 981
7%
Southern Rock The Marshall Tucker Band Can't You See 1,801
7%
Alternative Rock Toadies Possum Kingdom 752
7%
Blues Rock Tom Waits I Hope That I Don't Fall In Love With You 1,711
7%
Psychedelic Rock Traffic Dear Mr. Fantasy 627
7%
Pop Rock Traveling Wilburys End of the Line 2,477
7%
Hard Rock UFO Doctor Doctor 1,120
7%
Indie Rock Wet Leg Wet Dream 2,343
7%
Hard Rock Winger Seventeen 605
7%
Indie Rock Wolf Alice Don't Delete The Kisses 2,390
7%
Indie Rock Young the Giant Cough Syrup 7,048
7%
Slacker Rock Alex G Mary 7,561
6%
Yacht Rock Ambrosia Biggest Part of Me 1,002
6%
Power Pop American Hi-Fi Flavor of the Weak 610
6%
Symphonic Metal Apocalyptica I Don't Care 2,652
6%
Melodic Death Metal Arch Enemy War Eternal 931
6%
Alternative Rock Better Than Ezra Good 692
6%
Power Metal Blind Guardian The Bard's Song - In the Forest 739
6%
Indie Rock Blossoms Charlemagne 1,181
6%
Art Rock Brian Eno An Ending (Ascent) 1,839
6%
Indie Rock Bright Eyes First Day of My Life 2,127
6%
Post-Punk Revival Catfish and the Bottlemen Kathleen 2,501
6%
Progressive Rock Coheed and Cambria Welcome Home 1,192
6%
Punk Rock Destroy Boys I Threw Glass at My Friend's Eyes and Now I'm on Probation 1,206
6%
Psychedelic Rock Dr. John Right Place Wrong Time 1,042
6%
Acoustic Rock Eddie Vedder Society 3,066
6%
Art Rock Elbow One Day Like This 971
6%
Slowcore Ethel Cain American Teenager 1,716
6%
Ska Punk Goldfinger Superman 1,542
6%
Pop Rock HAIM The Wire 6,271
6%
Alternative Metal Helmet Unsung 628
6%
Pop Rock Hot Chelle Rae Tonight Tonight 2,134
6%
Post-Punk IDLES Never Fight a Man with a Perm 1,439
6%
Melodic Death Metal In Flames Only for the Weak 2,139
6%
Alternative Rock KONGOS Come with Me Now 1,138
6%
Thrash Metal Kreator Satan Is Real 715
6%
Grunge Mad Season River of Deceit 544
6%
Pop Rock Maná Oye Mi Amor 18,520
6%
Sludge Metal Melvins Honey Bucket 508
6%
Midwest Emo Modern Baseball Your Graduation 1,145
6%
Metalcore Motionless In White Another Life 3,608
6%
New Wave Naked Eyes Always Something There to Remind Me 744
6%
Pop Punk New Found Glory My Friends Over You 1,675
6%
Country Rock Nitty Gritty Dirt Band Fishing in the Dark 2,409
6%
Industrial Rock Orgy Blue Monday 600
6%
Indie Rock Panchiko D>E>A>T>H>M>E>T>A>L 937
6%
Indie Rock Pinegrove Need 2 4,045
6%
Math Rock Polyphia G.O.A.T. 1,485
6%
Industrial Rock Powerman 5000 When Worlds Collide 1,147
6%
Alternative Rock Primal Scream Movin' On Up 1,205
6%
Indie Rock Razorlight America 1,717
6%
Folk Rock Rusted Root Send Me On My Way 2,656
6%
Soft Rock Seals & Crofts Summer Breeze 2,503
6%
Post-Grunge Seven Mary Three Cumbersome 692
6%
Post-Rock Sigur Rós Hoppípolla 1,022
6%
New Wave Squeeze Tempted 1,006
6%
Industrial Metal Static-X Push It 1,563
6%
Glam Rock Steve Harley & Cockney Rebel Make Me Smile (Come Up and See Me) 680
6%
Thrash Metal Testament For the Glory of... 2,713
6%
Pop Punk THE ANXIETY Meet Me At Our Spot 3,624
6%
Post-Grunge Theory of a Deadman Rx (Medicate) 3,148
6%
Post-Grunge The Pretty Reckless Heaven Knows 1,832
6%
Alternative Rock The Replacements Swingin Party 666
6%
Emo-Pop The Used The Taste of Ink 2,724
6%
Alternative Rock The Vines Get Free 1,109
6%
Indie Rock The Wombats Greek Tragedy 3,412
6%
Post-Grunge Tonic If You Could Only See 1,284
6%
Heavy Metal Volbeat Still Counting 4,622
6%
Folk Punk AJJ Brave as a Noun 521
5%
Post-Hardcore Alexisonfire This Could Be Anywhere In the World 580
5%
Pop Punk Alkaline Trio Mercy Me 887
5%
Trance Metal Amaranthe Drop Dead Cynical 1,345
5%
Alternative Rock Angels & Airwaves The Adventure 889
5%
Melodic Metalcore As I Lay Dying My Own Grave 1,173
5%
Melodic Metalcore August Burns Red White Washed 970
5%
Post-Hardcore Beartooth In Between 2,134
5%
Folk Rock Billy Bragg California Stars 816
5%
Alternative Rock Black Rebel Motorcycle Club Beat the Devil's Tattoo 831
5%
Hard Rock Black Stone Cherry Blame It on the Boom Boom 875
5%
Pop Rock Bleachers Rollercoaster 7,067
5%
Alternative Rock Blue October Hate Me 1,060
5%
Yacht Rock Bobby Caldwell What You Won't Do For Love 3,219
5%
Emo Brand New Jesus Christ 1,055
5%
Indie Rock Caroline Rose Feel The Way I Want 501
5%
Stoner Rock CKY 96 Quite Bitter Beings 510
5%
Indie Rock Cold War Kids First 3,281
5%
Post-Grunge Crossfade Cold 2,038
5%
Emo-Pop Dashboard Confessional Hands Down 1,525
5%
Post-Grunge Days of the New Touch, Peel and Stand 627
5%
Pop Rock Del Amitri Roll To Me 600
5%
Slowcore Duster Inside Out 4,582
5%
Post-Punk Revival Editors Munich 966
5%
Alternative Rock Eels I Need Some Sleep 2,006
5%
Electronicore Electric Callboy We Got the Moves 2,127
5%
Symphonic Metal Epica Cry for the Moon (The Embrace That Smothers, Pt. 4) 627
5%
Post-Hardcore Escape the Fate One for the Money 2,539
5%
Industrial Metal Fear Factory Linchpin 839
5%
Hard Rock Firehouse When I Look Into Your Eyes 1,274
5%
Power Metal HammerFall Hearts on Fire 968
5%
New Wave I DONT KNOW HOW BUT THEY FOUND ME Choke 2,072
5%
Christian Rock Jeremy Camp Christ In Me 1,321
5%
Progressive Metal Jinjer Pisces 686
5%
Psychedelic Rock King Gizzard & the Lizard Wizard Work This Time 1,390
5%
Geek Rock Lemon Demon Touch-Tone Telephone 2,029
5%
Alternative Rock Local H Bound for the Floor 701
5%
Deathcore Lorna Shore To the Hellfire 890
5%
Slowcore Low Lullaby 770
5%
Emo-Pop Mayday Parade Jamie All Over 1,825
5%
Industrial Metal Mick Gordon Rip & Tear 1,501
5%
Industrial Rock Mindless Self Indulgence Molly 1,927
5%
Power Pop Nada Surf Popular 518
5%
Alternative Rock Nothing But Thieves Amsterdam 5,012
5%
Melodic Metalcore Of Mice & Men Second & Sebring 1,876
5%
Post-Grunge Our Lady Peace Superman's Dead 763
5%
Melodic Metalcore Parkway Drive Prey 1,704
5%
Indie Rock Peach Pit Alrighty Aphrodite 2,400
5%
Skate Punk Pennywise Fuck Authority 874
5%
Alternative Rock PJ Harvey This Mess We're In 1,487
5%
Alternative Metal Poppy Girls In Bikinis 1,523
5%
Power Metal Powerwolf Army of the Night 1,409
5%
Indie Rock Rainbow Kitten Surprise It's Called: Freefall 5,454
5%
Pop Rock Set It Off Wolf in Sheep's Clothing 3,232
5%
Indie Rock Silversun Pickups Lazy Eye 1,246
5%
Alternative Rock Skunk Anansie Hedonism (Just Because You Feel Good) 940
5%
Punk Rock Social Distortion Story of My Life 926
5%
Groove Metal Soulfly Jumpdafuckup 568
5%
Metalcore Spiritbox Circle With Me 2,161
5%
Alternative Rock Superheaven Youngest Daughter 1,828
5%
Geek Rock Tally Hall Hidden In the Sand 4,794
5%
Blues Rock Ten Years After I'd Love to Change the World 1,156
5%
Indie Rock The Beaches Blame Brett 1,687
5%
Indie Rock The Coral Dreaming of You 1,159
5%
Indie Rock The Heavy How You Like Me Now 1,929
5%
Indie Rock The Last Shadow Puppets Sweet Dreams, TN 1,682
5%
Post-Punk Revival The National I Need My Girl 5,673
5%
Glam Rock The Struts Could Have Been Me 2,521
5%
Indie Rock The Vaccines If You Wanna 1,948
5%
Pop Rock Todd Rundgren I Saw the Light 1,430
5%
Melodic Metalcore Trivium The Heart from Your Hate 1,579
5%
Pop Rock Waterparks I Miss Having Sex But At Least I Don't Wanna Die Anymore 1,437
5%
Hard Rock Adelitas Way Invincible 1,403
4%
Alternative Rock Against The Current Legends Never Die 4,476
4%
Melodic Metalcore All That Remains Two Weeks 1,888
4%
Pop Punk Anarbor 18 921
4%
Alternative Rock Anberlin The Feel Good Drag 1,008
4%
Punk Rock Anti-Flag This Is the End (For You My Friend) 618
4%
J-Rock ASIAN KUNG-FU GENERATION Re:Re: 1,638
4%
Melodic Metalcore Atreyu The Time is Now 1,720
4%
Metalcore Attack Attack! Stick Stickly 636
4%
Power Metal Avantasia Dying for an Angel 639
4%
Indie Rock Bad Suns Cardiac Arrest 1,286
4%
Indie Rock Big Thief Paul 4,079
4%
Pop Punk Box Car Racer There Is 561
4%
Folk Rock Brandi Carlile The Story 4,430
4%
Indie Rock Circa Waves T-Shirt Weather 1,164
4%
Pub Rock Cold Chisel Khe Sanh 1,103
4%
Swancore Dance Gavin Dance We Own the Night 1,233
4%
Skate Punk Descendents Hope 726
4%
Post-Hardcore Enter Shikari Sorry You're Not a Winner 710
4%
Folk Rock Eva Cassidy Fields of Gold 1,924
4%
Heavy Metal Fozzy Judas 531
4%
Post-Hardcore Get Scared Sarcasm 1,260
4%
Slacker Rock Guided By Voices Game of Pricks 599
4%
Pop Rock half•alive still feel. 1,456
4%
Country Rock HARDY ONE BEER 7,979
4%
Pop Rock Harry Nilsson Without You 3,130
4%
Beatdown Hardcore Hatebreed Looking Down the Barrel of Today 1,218
4%
Post-Punk Have a Nice Life Bloodhail 904
4%
Alternative Rock Highly Suspect My Name Is Human 1,358
4%
Post-Punk Revival Inhaler My Honest Face 886
4%
Alternative Metal In This Moment Whore 1,671
4%
Pop Rock Jay & The Americans Come A Little Bit Closer 954
4%
Blues Rock J.J. Cale After Midnight 2,466
4%
Pop Rock Joan Armatrading Love and Affection 592
4%
Metalcore Knocked Loose Counting Worms 1,074
4%
Gothic Metal Lacuna Coil Our Truth 732
4%
Pop Punk Less Than Jake All My Best Friends Are Metalheads 632
4%
Symphonic Metal Linked Horizon Shinzo wo Sasageyo! 2,229
4%
Southern Rock Little Feat Willin' 870
4%
Pop Rock lovelytheband broken 2,534
4%
Christian Rock MercyMe I Can Only Imagine 2,641
4%
Nu Metal Mushroomhead Sun Doesn't Rise 521
4%
Pop Punk Neck Deep December 3,968
4%
Christian Rock Newsboys God's Not Dead (Like a Lion) 1,158
4%
Alternative Rock Noir Désir Le vent nous portera 887
4%
Progressive Rock Porcupine Tree Trains 646
4%
Alternative Rock Serj Tankian Empty Walls 1,208
4%
Nu Metal Sevendust Denial 870
4%
Post-Hardcore Silverstein My Heroine 1,399
4%
Deathcore Slaughter to Prevail Demolisher 976
4%
Alternative Rock Soda Stereo De Musica Ligera 10,495
4%
Alternative Rock Spiderbait Black Betty - Edit 1,258
4%
Indie Rock Spoon Inside Out 1,761
4%
Alternative Rock STARSET My Demons 2,607
4%
Pop Punk Story of the Year Until the Day I Die 1,887
4%
Deathcore Suicide Silence You Only Live Once 661
4%
Christian Rock Switchfoot Dare You to Move 2,203
4%
Post-Punk Revival The Bravery An Honest Mistake 884
4%
Psychedelic Rock The Brian Jonestown Massacre Anemone 740
4%
Heartland Rock The Gaslight Anthem "45" 576
4%
Ska Punk The Interrupters She's Kerosene 688
4%
Glam Rock The Last Dinner Party Nothing Matters 1,864
4%
Power Pop The Orion Experience The Cult of Dionysus 882
4%
Surf Rock The Ventures Walk, Don't Run 539
4%
Alternative Rock Thousand Foot Krutch Courtesy Call 3,594
4%
Emo Title Fight Safe In Your Skin 1,499
4%
Indie Rock TV on the Radio Wolf Like Me 1,432
4%
Symphonic Metal Within Temptation Faster 2,001
4%
Indie Rock Yo La Tengo Autumn Sweater 924
4%
J-Rock Aimer Zankyosanka 3,813
3%
Christian Rock Ashes Remain On My Own 1,206
3%
Metalcore Attila Middle Fingers Up 756
3%
Alternative Rock Barns Courtney Glitter & Gold 2,803
3%
Folk Rock Ben Harper Boa Sorte 1,647
3%
Melodic Metalcore blessthefall Hey Baby, Here's That Song You Wanted 837
3%
Christian Rock Casting Crowns Who Am I 3,061
3%
Deathcore Chelsea Grin Hostage 501
3%
Stoner Rock Clutch Electric Worry 568
3%
Alternative Rock ††† (Crosses) Bitches Brew 538
3%
Soft Rock Dan Fogelberg Longer 1,460
3%
Post-Hardcore Dayseeker Sleeptalk 1,051
3%
Southern Rock Drive-By Truckers Gravity's Gone 642
3%
Celtic Metal Eluveitie The Call of the Mountains 869
3%
Alternative Metal Fleshwater Kiss the Ladder 524
3%
Trap Metal Ghostemane Mercury: Retrograde 5,413
3%
Pop Punk Hot Mulligan *Equip Sunglasses* 808
3%
Southern Rock Jason Isbell and the 400 Unit If We Were Vampires 1,024
3%
Roots Rock John Hiatt Have a Little Faith in Me 1,149
3%
Pop Punk Joyce Manor Constant Headache 653
3%
Pop Rock Judah & the Lion Take It All Back 2.0 1,215
3%
Pop Punk jxdn ANGELS & DEMONS 2,165
3%
J-Rock KANA-BOON シルエット [Silhouette] 2,714
3%
Pop Punk KennyHoopla estella// 830
3%
Metalcore Loathe Is It Really You? 1,343
3%
New Wave Los Enanitos Verdes Lamento Boliviano 11,456
3%
Power Pop Lovejoy One Day 2,236
3%
Alternative Rock Loveless MIDDLE OF THE NIGHT 1,326
3%
Indie Rock Manchester Orchestra The Gold 3,179
3%
Roots Rock Margo Price Hurtin' (On the Bottle) 1,478
3%
Alternative Metal MAXIMUM THE HORMONE What's up, people?! 754
3%
Melodic Metalcore Memphis May Fire The Sinner 1,599
3%
AOR Mike + the Mechanics Over My Shoulder 2,206
3%
Pop Punk Motion City Soundtrack Everything Is Alright 823
3%
Post-Grunge My Darkest Days Porn Star Dancing 1,718
3%
J-Rock ONE OK ROCK Wherever you are 3,412
3%
Metalcore Our Last Night Astronaut in the Ocean 2,257
3%
Glam Rock Palaye Royale Lonely 1,649
3%
Pop Rock Pale Waves Television Romance 647
3%
Folk Rock Poor Man's Poison Hell's Comin' with Me 2,246
3%
Post-Grunge Pop Evil Torn to Pieces 1,348
3%
Pop Punk Relient K Be My Escape 1,220
3%
Blues Rock Robert Cray Right Next Door 589
3%
Post-Grunge Saving Abel Addicted 1,726
3%
Emo-Pop Secondhand Serenade Fall For You 1,555
3%
Post-Grunge Sick Puppies You're Going Down 1,971
3%
Hard Rock Sixx:A.M. Life is Beautiful 974
3%
Alternative Metal Skindred Nobody 970
3%
Post-Rock Stereolab French Disko 626
3%
Power Metal Stratovarius Black Diamond 737
3%
Southern Rock Sturgill Simpson Turtles All the Way Down 2,801
3%
Glam Rock Suzi Quatro Stumblin' In 2,233
3%
Melodic Metalcore The Amity Affliction Pittsburgh (No Intro) 1,129
3%
Melodic Metalcore The Devil Wears Prada Chemical 885
3%
Pop Rock The Maine Black Butterflies and Deja Vu 1,601
3%
Pop Rock The Score Unstoppable 4,751
3%
Art Rock The Smile The Smoke 797
3%
Pop Rock The Young Rascals Groovin' 652
3%
Post-Hardcore Thrice Black Honey 931
3%
Post-Punk Revival ThxSoMch SPIT IN MY FACE! 2,687
3%
Hardcore Punk Turnstile BLACKOUT 1,231
3%
Metalcore Underoath A Boy Brushed Red Living In Black and White 1,057
3%
Post-Punk Viagra Boys Sports 545
3%
Pop Rock Weathers Happy Pills 1,452
3%
J-Rock BUMP OF CHICKEN SOUVENIR 2,159
2%
Christian Rock Crowder Come as You Are 1,535
2%
Metalcore Currents Better Days 1,261
2%
Indie Rock Deerhunter Revival 581
2%
Red Dirt Flatland Cavalry A Life Where We Work Out 2,968
2%
Dance-Punk Genesis Owusu WUTD 658
2%
Emo-Pop glaive astrid 1,090
2%
Art Rock glass beach cold weather 505
2%
Post-Hardcore Glassjaw Ape Dos Mil 940
2%
Pop Rock Gustavo Cerati Crimen 4,838
2%
Noise Rock HEALTH Major Crimes 1,479
2%
Indie Rock Jean Dawson MENTHOL* 887
2%
Red Dirt Josh Abbott Band Settle Me Down 1,755
2%
Red Dirt Josh Meloy Porch Light 3,988
2%
Art Rock King Krule Baby Blue 1,173
2%
Southern Rock Koe Wetzel Something to Talk About 2,843
2%
Pop Punk Maggie Lindemann Pretty Girl 3,620
2%
Alternative Rock MOTHICA buzzkill 1,103
2%
Emo Movements Daylily 868
2%
Southern Rock Muscadine Bloodline Porch Swing Angel 3,259
2%
Christian Rock NEEDTOBREATHE Brother 2,410
2%
Metalcore Northlane Quantum Flux 535
2%
Red Dirt Pecos & the Rooftops This Damn Song 1,533
2%
Metalcore Polaris The Remedy 1,332
2%
Alternative Rock PVRIS Burn It All Down 2,121
2%
Roots Rock Ryan Bingham Southside of Heaven 1,459
2%
Post-Hardcore Saosin You're Not Alone 872
2%
Post-Hardcore Senses Fail Can't Be Saved 804
2%
Post-Punk slowthai Doorman 1,582
2%
Indie Rock Soccer Mommy Your Dog 932
2%
Pop Punk Sugarcult Memory 1,174
2%
Metalcore The Plot In You FEEL NOTHING 2,318
2%
Pop Punk The Story So Far Clairvoyant 884
2%
Art Rock The Voidz Leave it in My Dream 829
2%
Pop Punk The Wonder Years Came Out Swinging 531
2%
Deathcore Thy Art Is Murder Reign of Darkness 568
2%
Red Dirt Treaty Oak Revival No Vacancy 1,742
2%
Red Dirt Turnpike Troubadours Long Hot Summer Day 1,660
2%
Southern Rock Uncle Lucius Keep the Wolves Away 1,752
2%
Psychedelic Rock Unknown Mortal Orchestra So Good at Being in Trouble 2,007
2%
Metalcore Wage War Stitch 1,622
2%
Metalcore We Came as Romans Black Hole 2,091
2%
Southern Rock Whiskey Myers Stone 2,909
2%
Alternative Rock YONAKA Seize the Power 1,048
2%
Pop Punk You Me At Six Take on the World 1,546
2%
Art Rock Yves Tumor Limerence 1,454
2%
Pop Punk Point North Into the Dark 1,161
1%
Red Dirt Southall Why 1,463
1%
No matching quizzes found
Score Distribution
Percent of People with Each Score
Percentile by Number Answered
Your Score History
You have not taken this quiz since the last reset